00468nam a2200145Ia 4500100001400000942000700014654003300021245004200054260003600096082001600132300000800148546001200156999001700168952013700185 aJain G.C  cBK aSemi - conductor Data Manual aPractical Semi- conductor Data Manual bBusiness promotionaDelhic1976 a621.3817304 a276 aENGLISH c35332d35332 001040708AFTaCRCEbCRCEc1435 | 26d2023-03-17eUBSg25.00iT-1160l0o621.38173042 pAFT3556r2023-03-17v25.00w2023-03-17yBK